[Event "TCh-GEO Club 2016"]
[Site "Lagodekhi GEO"]
[Date "2016.09.27"]
[Round "6.2"]
[Board "4"]
[White "Kasoshvili, Tsiala"]
[Black "Arabidze, Meri"]
[Result "0-1"]
[WhiteTitle "WIM"]
[BlackTitle "IM"]
[WhiteElo "2106"]
[BlackElo "2374"]
[WhiteTeam "Shida kartli - Gori"]
[BlackTeam "Imereti - Kutaisi"]
[WhiteFideId "13600354"]
[BlackFideId "13604040"]
[EventDate "2016.09.22"]

1. d4 Nf6 2. c4 e6 3. Nf3 Bb4+ 4. Bd2 Qe7 5. a3 Bxd2+ 6. Nbxd2 d6 7. e3 O-O 8.
Be2 e5 9. O-O Re8 10. b4 e4 11. Ne1 Nbd7 12. Nc2 Nf8 13. f4 exf3 14. gxf3 Bf5
15. e4 Bh3 16. Rf2 Ng6 17. Bf1 Nf4 18. Kh1 N6h5 19. Bxh3 Nxh3 20. Rf1 Qg5 21.
Qe1 Re6 22. Ne3 Rg6 23. e5 f5 24. exf6 Nxf6 25. Ne4 Nxe4 26. fxe4 Re8 27. Rf5
Qd8 28. Ng2 Ng5 29. e5 dxe5 30. dxe5 Qd3 31. Qf1 Qh3 32. c5 Rh6 33. Qc4+ Ne6 0-1

[Event "TCh-GEO Club 2016"]
[Site "Lagodekhi GEO"]
[Date "2016.09.27"]
[Round "6.2"]
[Board "5"]
[White "Kokaia, Guram"]
[Black "Karelidze, Vakhtang"]
[Result "0-1"]
[WhiteElo "2101"]
[BlackElo "1942"]
[WhiteTeam "Imereti - Kutaisi"]
[BlackTeam "Shida kartli - Gori"]
[WhiteFideId "13609599"]
[BlackFideId "13613219"]
[EventDate "2016.09.22"]

1. e4 e6 2. d4 d5 3. Nd2 dxe4 4. Nxe4 Nd7 5. Nf3 Ngf6 6. Nxf6+ Nxf6 7. c3 Be7 8.
Bd3 O-O 9. O-O b6 10. Qe2 Bb7 11. Re1 c5 12. Be3 Rc8 13. Rad1 Qc7 14. Ne5 cxd4
15. Bxd4 Bc5 16. Bb1 Rcd8 17. Bxc5 bxc5 18. f4 Rd5 19. Rxd5 exd5 20. c4 d4 21.
Qd3 g6 22. Re2 Nd7 23. Qg3 Nxe5 24. Rxe5 f6 25. Re6 Bc8 26. Re2 Kh8 27. Qh4 Bf5
28. Bxf5 gxf5 29. Qh6 Qg7 30. Qxg7+ Kxg7 31. Kf2 Kf7 32. b3 a5 33. Rb2 Re8 34.
g3 h5 35. Re2 Re4 36. Kf3 Re6 37. Rxe6 Kxe6 38. Ke2 Kd6 39. Kd3 Kc6 40. h4 a4
41. b4 cxb4 42. Kxd4 a3 0-1

[Event "TCh-GEO Club 2016"]
[Site "Lagodekhi GEO"]
[Date "2016.09.27"]
[Round "6.2"]
[Board "6"]
[White "Koridze, Lile"]
[Black "Jalaghonia, Nino"]
[Result "0-1"]
[BlackTitle "WFM"]
[WhiteElo "1991"]
[BlackElo "1902"]
[WhiteTeam "Shida kartli - Gori"]
[BlackTeam "Imereti - Kutaisi"]
[WhiteFideId "13612514"]
[BlackFideId "13605895"]
[EventDate "2016.09.22"]

1. d4 Nf6 2. c4 e6 3. Nc3 Bb4 4. e3 c5 5. Ne2 b6 6. a3 Ba5 7. Rb1 Na6 8. g3 Bb7
9. d5 b5 10. Bg2 bxc4 11. O-O O-O 12. e4 exd5 13. e5 Ng4 14. Bxd5 Bxd5 15. Qxd5
Nc7 16. Qe4 f5 17. Qxc4+ Ne6 18. Qd5 Bc7 19. Nb5 Rb8 20. Nxc7 Qxc7 21. Nf4 Qxe5
22. Qxe5 Nxe5 23. Nxe6 dxe6 24. Bf4 Nf3+ 25. Kg2 Rb3 26. Bd6 Rc8 27. Rfd1 c4 28.
Rbc1 g5 29. Rc2 Rc6 30. Bb4 Ne5 31. Rd8+ Kf7 32. Bc3 Nd3 33. Rd7+ Kg6 34. Rg7+
Kh6 35. Rxa7 e5 36. Ra5 Kg6 37. Re2 e4 38. Ra7 Re6 39. Rc7 f4 40. Kf1 f3 41. Re3
Rxc3 42. bxc3 Rb6 43. Re1 Rb2 44. Rc6+ Kf7 45. Rc7+ Kf6 46. Rc6+ Ke5 47. Rxc4
Rxf2+ 48. Kg1 Rg2+ 49. Kf1 Nxe1 50. Kxe1 e3 0-1

[Event "TCh-GEO Club 2016"]
[Site "Lagodekhi GEO"]
[Date "2016.09.27"]
[Round "6.3"]
[Board "1"]
[White "Gelashvili, Tamaz"]
[Black "Mchedlishvili, Mikheil"]
[Result "1/2-1/2"]
[WhiteTitle "GM"]
[BlackTitle "GM"]
[WhiteElo "2575"]
[BlackElo "2609"]
[WhiteTeam "Kvemo Kartli - Rustavi"]
[BlackTeam "Kakheti"]
[WhiteFideId "13600702"]
[BlackFideId "13600966"]
[EventDate "2016.09.22"]

1. d4 Nf6 2. c4 g6 3. Nc3 d5 4. cxd5 Nxd5 5. e4 Nxc3 6. bxc3 Bg7 7. Nf3 c5 8.
Be3 Qa5 9. Bd2 O-O 10. Be2 Bg4 11. O-O Rd8 12. Rb1 cxd4 13. cxd4 Qxa2 14. Ra1
Qb2 15. Rb1 Qa2 16. Ra1 Qb2 17. Rb1 Qa2 1/2-1/2

[Event "TCh-GEO Club 2016"]
[Site "Lagodekhi GEO"]
[Date "2016.09.27"]
[Round "6.3"]
[Board "2"]
[White "Gagunashvili, Merab"]
[Black "Sanikidze, Tornike"]
[Result "1-0"]
[WhiteTitle "GM"]
[BlackTitle "GM"]
[WhiteElo "2586"]
[BlackElo "2497"]
[WhiteTeam "Kakheti"]
[BlackTeam "Kvemo Kartli - Rustavi"]
[WhiteFideId "13601652"]
[BlackFideId "13602608"]
[EventDate "2016.09.22"]

1. e4 Nc6 2. d4 d5 3. e5 Bf5 4. Nf3 Qd7 5. Be2 O-O-O 6. O-O e6 7. c3 Nge7 8. b4
Ng6 9. Be3 Bxb1 10. Rxb1 Nce7 11. Nd2 Nf5 12. Nb3 Qa4 13. Qd2 f6 14. f4 b6 15.
Bd3 Nxe3 16. Qxe3 f5 17. Qe2 c6 18. Bc2 Qb5 19. Bd3 Qa4 20. a3 Ne7 21. Rfc1 Kb8
22. Qb2 Kc7 23. c4 Kd7 24. cxd5 Nxd5 25. Qc2 Ke7 26. g3 Rc8 27. b5 g6 28. bxc6
Kf7 29. Qc4 Qxa3 30. Ra1 Qe7 31. Qa4 Rc7 32. Bc4 g5 33. Bxd5 exd5 34. Qb5 Ke6
35. Rxa7 Bh6 36. Qxb6 Rhc8 37. Nc5+ Kf7 38. Rxc7 Qxc7 39. Qxc7+ Rxc7 40. Na6 Rc8
41. c7 gxf4 42. Rb1 1-0

[Event "TCh-GEO Club 2016"]
[Site "Lagodekhi GEO"]
[Date "2016.09.27"]
[Round "6.3"]
[Board "3"]
[White "Paichadze, Luka"]
[Black "Javakhishvili, Lela"]
[Result "1-0"]
[WhiteTitle "GM"]
[BlackTitle "IM"]
[WhiteElo "2559"]
[BlackElo "2486"]
[WhiteTeam "Kvemo Kartli - Rustavi"]
[BlackTeam "Kakheti"]
[WhiteFideId "13602934"]
[BlackFideId "13601458"]
[EventDate "2016.09.22"]

1. b4 d5 2. Bb2 Nf6 3. e3 e6 4. b5 Be7 5. Nf3 O-O 6. c4 a6 7. a4 dxc4 8. Bxc4
axb5 9. axb5 Rxa1 10. Bxa1 c6 11. O-O cxb5 12. Bxb5 Bd7 13. Nc3 Bxb5 14. Nxb5
Qd3 15. Qb1 Qxb1 16. Rxb1 Nbd7 17. Kf1 Ra8 18. Bd4 b6 19. Ke2 h6 20. Nc3 Ra6 21.
Ne5 Nxe5 22. Bxe5 Nd7 23. Bc7 Kf8 24. d4 Ke8 25. Rb2 Bd8 26. Nb5 Ke7 27. Bd6+
Kf6 28. Rc2 Ra5 29. Nc3 Kg6 30. Bb4 Ra8 31. Nb5 Nf6 32. f3 Nd5 33. Bd2 Ne7 34.
e4 h5 35. Kd3 Ra1 36. Bf4 Rd1+ 37. Rd2 Rb1 38. Nc3 Ra1 39. Rb2 Nc6 40. d5 exd5
41. exd5 Ne7 42. Kc4 Ra8 43. Rb5 h4 44. g4 Ra1 45. d6 Nc8 46. d7 Ne7 47. Bd6 Re1
48. Rh5 Re6 49. Nb5 Re1 50. Rh8 Rc1+ 51. Kd3 Nc6 52. f4 Rd1+ 53. Ke4 f5+ 54.
gxf5+ Kf7 55. Rf8# 1-0

[Event "TCh-GEO Club 2016"]
[Site "Lagodekhi GEO"]
[Date "2016.09.27"]
[Round "6.3"]
[Board "4"]
[White "Khotenashvili, Bela"]
[Black "Khurtsidze, Nino"]
[Result "0-1"]
[WhiteTitle "GM"]
[BlackTitle "IM"]
[WhiteElo "2463"]
[BlackElo "2398"]
[WhiteTeam "Kakheti"]
[BlackTeam "Kvemo Kartli - Rustavi"]
[WhiteFideId "13602640"]
[BlackFideId "13600320"]
[EventDate "2016.09.22"]

1. d4 Nf6 2. c4 e6 3. Nf3 d5 4. g3 Bb4+ 5. Bd2 Be7 6. Bg2 c6 7. Qc2 O-O 8. O-O
Nbd7 9. b3 b6 10. Rd1 a5 11. Bf4 Ba6 12. Ne5 Nxe5 13. dxe5 Nd7 14. h4 Rc8 15.
Nd2 b5 16. Bf1 bxc4 17. bxc4 Nb6 18. e4 Bb4 19. c5 Bxf1 20. Nxf1 Nd7 21. Be3 Qe7
22. Rdc1 Ba3 23. Rcb1 Bxc5 24. Rb7 Bxe3 25. Nxe3 Rfd8 26. Rc1 Qf8 27. Qc3 h6 28.
Rc2 a4 29. Kg2 Rb8 30. Ra7 Rb4 31. exd5 cxd5 32. Qc7 Re4 33. Nf1 Nxe5 34. Nd2
Re1 35. Rxa4 Ra8 36. Ra7 Rxa7 37. Qxa7 Qb4 38. a3 Qg4 39. Rc8+ Kh7 40. Qb8 Qd1
41. Nf1 Qf3+ 42. Kg1 Qd3 0-1

[Event "TCh-GEO Club 2016"]
[Site "Lagodekhi GEO"]
[Date "2016.09.27"]
[Round "6.3"]
[Board "5"]
[White "Bortnyk, Olexandr"]
[Black "Beradze, Irakli"]
[Result "0-1"]
[WhiteTitle "GM"]
[WhiteElo "2588"]
[BlackElo "2437"]
[WhiteTeam "Kvemo Kartli - Rustavi"]
[BlackTeam "Kakheti"]
[WhiteFideId "14120828"]
[BlackFideId "13604597"]
[EventDate "2016.09.22"]

1. e4 c5 2. Nf3 d6 3. c3 Nf6 4. h3 Nc6 5. Bd3 g6 6. Bc2 Bg7 7. O-O O-O 8. d4
cxd4 9. cxd4 e5 10. d5 Nb4 11. Bb3 Nxe4 12. Qe1 Nxf2 13. Qxf2 Nd3 14. Qe3 e4 15.
Qxe4 Nxc1 16. Rxc1 Bxb2 17. Nbd2 Qf6 18. Rab1 Bf5 19. Qb4 Bxb1 20. Rxb1 Bc3 21.
Qg4 h5 22. Qc4 Bxd2 23. Nxd2 Rfe8 24. Rf1 Qe5 25. Qd3 b5 26. Nf3 Qe3+ 27. Qxe3
Rxe3 28. Nd4 a6 29. Rf6 Rd8 30. Kf2 Ree8 31. Nc6 Kg7 32. Rf4 Rd7 33. Bc2 Rb7 34.
Rb4 a5 35. Rb2 Ra8 36. a4 b4 37. Bd3 Rc7 38. Bb5 Kf6 39. Ke3 Rcc8 40. Rf2+ Kg7
41. Kd4 Rc7 42. Rc2 Rac8 43. Rc4 Ra8 44. Nxa5 Re7 45. Nb3 Re2 46. Rc7 Rxg2 47.
Bc6 Ra6 48. Rd7 Rg3 49. Kc4 Rb6 50. Bb5 Rxh3 51. Kxb4 h4 52. Nd4 Rh1 53. Ne6+
Kf6 54. Nd8 h3 55. Rxf7+ Ke5 56. Re7+ Kxd5 57. Ne6 Rb1+ 58. Ka5 R6xb5+ 59. axb5
h2 60. Nf4+ Kc4 61. Rc7+ Kb3 62. Rh7 h1=Q 63. Rxh1 Rxh1 64. Kb6 g5 65. Ne6 g4
66. Kc6 g3 67. Nf4 Rh4 68. Ne2 g2 69. Kxd6 Rb4 70. Ke5 Ka4 71. b6 Ka5 72. b7
Rxb7 73. Kf4 Rb1 0-1

[Event "TCh-GEO Club 2016"]
[Site "Lagodekhi GEO"]
[Date "2016.09.27"]
[Round "6.3"]
[Board "6"]
[White "Buksa, Nataliya"]
[Black "Shamatava, Ana"]
[Result "0-1"]
[WhiteTitle "WGM"]
[WhiteElo "2249"]
[BlackElo "2066"]
[WhiteTeam "Kakheti"]
[BlackTeam "Kvemo Kartli - Rustavi"]
[WhiteFideId "14123622"]
[BlackFideId "13601008"]
[EventDate "2016.09.22"]

1. e4 e5 2. Nf3 Nc6 3. Bb5 a6 4. Ba4 d6 5. c3 Bd7 6. O-O g6 7. d4 Bg7 8. d5 Nce7
9. Bxd7+ Qxd7 10. c4 h6 11. Nc3 f5 12. Nd2 Nf6 13. f3 O-O 14. b4 g5 15. exf5
Nxf5 16. Nde4 Nd4 17. Ng3 Qf7 18. Be3 Nh5 19. Nxh5 Qxh5 20. h3 Qg6 21. Ne4 c6
22. Qd2 Rad8 23. dxc6 bxc6 24. Rac1 d5 25. cxd5 cxd5 26. Nc5 Nf5 27. Qd3 Rd6 28.
Bf2 Kh8 29. Rfd1 Qf7 30. a4 Ne7 31. Qe2 Ng6 32. b5 Nf4 33. Qa2 axb5 34. axb5
Nxg2 35. Kxg2 Qxf3+ 36. Kg1 e4 37. Re1 Be5 38. Re3 Qf4 39. Rce1 Qh2+ 40. Kf1
Rdf6 0-1

[Event "TCh-GEO Club 2016"]
[Site "Lagodekhi GEO"]
[Date "2016.09.27"]
[Round "6.4"]
[Board "1"]
[White "Volkov, Nika"]
[Black "Jojua, Davit"]
[Result "0-1"]
[BlackTitle "GM"]
[WhiteElo "2102"]
[BlackElo "2590"]
[WhiteTeam "Racha-Lechkhumi - Ambrolauri"]
[BlackTeam "Adchara - Nona"]
[WhiteFideId "13604376"]
[BlackFideId "13602543"]
[EventDate "2016.09.22"]

1. g3 g6 2. Bg2 Bg7 3. Nf3 c5 4. c4 Nc6 5. Nc3 e6 6. e3 Nge7 7. d4 cxd4 8. Nxd4
Nxd4 9. exd4 O-O 10. d5 d6 11. O-O e5 12. b4 a5 13. Ba3 h5 14. Nb5 Nf5 15. c5 b6
16. Nxd6 Nxd6 17. cxd6 Qxd6 18. Qb3 a4 19. Qe3 b5 20. Rac1 Bd7 21. Rc5 Kh7 22.
Bb2 Rfe8 23. Rd1 Rab8 24. a3 f5 25. Qc3 Re7 26. Bc1 Ree8 27. Be3 Rbc8 28. Rc1 f4
29. gxf4 exf4 30. Bd4 Bxd4 31. Qxd4 Rcd8 32. Rc7 Kh6 33. h4 Re7 34. Bf3 Rde8 35.
Kh2 Rf7 36. Rxd7 Qxd7 37. d6 Qd8 38. Rc7 Qxh4+ 39. Kg2 Qg5+ 40. Kh2 Qh4+ 41. Kg2
Qg5+ 42. Kh2 Qf6 43. Qd2 Rd8 44. d7 Kh7 45. Qd3 Re7 46. Kg2 Qh4 47. Rc5 Rdxd7
48. Qxb5 Rc7 49. Rxc7 Rxc7 50. Qd5 Qf6 51. b5 Kh6 52. Qa8 Rc2 53. b6 Qg5+ 54.
Kh3 Qf5+ 55. Kg2 Qg5+ 56. Kh3 Qf5+ 57. Kg2 Qc5 58. Qh8+ Kg5 59. Qd8+ Kf5 60.
Qd7+ Kf6 61. Qd8+ Kg7 0-1

[Event "TCh-GEO Club 2016"]
[Site "Lagodekhi GEO"]
[Date "2016.09.27"]
[Round "6.4"]
[Board "2"]
[White "Maghalashvili, Davit"]
[Black "Petriashvili, Nikoloz"]
[Result "1-0"]
[WhiteTitle "GM"]
[WhiteElo "2490"]
[BlackElo "2167"]
[WhiteTeam "Adchara - Nona"]
[BlackTeam "Racha-Lechkhumi - Ambrolauri"]
[WhiteFideId "13602276"]
[BlackFideId "13611216"]
[EventDate "2016.09.22"]

1. d4 Nf6 2. c4 c5 3. d5 g6 4. Nc3 Bg7 5. e4 O-O 6. Nf3 d6 7. h3 e6 8. Bd3 exd5
9. cxd5 b5 10. Nxb5 Nxe4 11. Bxe4 Re8 12. Ng5 h6 13. Ne6 fxe6 14. O-O e5 15.
Bxg6 Rf8 16. Qh5 Qe7 17. Bxh6 Bxh6 18. Qxh6 Qg7 19. Qxg7+ Kxg7 20. Be4 Ba6 21.
Nc7 Bxf1 22. Rxf1 Nd7 23. Nxa8 Rxa8 24. f4 Nf6 25. Bc2 exf4 26. Rxf4 Re8 27. Ra4
Re2 28. Rxa7+ Kh6 29. Rf7 Kg5 30. Bd3 Rd2 31. h4+ Kxh4 32. Rxf6 Rxd3 33. Rxd6
Rd2 34. Rb6 Rxd5 35. Kf2 Kg4 36. Ke3 Rd1 37. a4 Ra1 38. b3 Ra2 39. Kd3 Kf4 40.
Rc6 1-0

[Event "TCh-GEO Club 2016"]
[Site "Lagodekhi GEO"]
[Date "2016.09.27"]
[Round "6.4"]
[Board "3"]
[White "Kacharava, Nikolozi"]
[Black "Shanava, Konstantine"]
[Result "0-1"]
[WhiteTitle "FM"]
[BlackTitle "GM"]
[WhiteElo "2085"]
[BlackElo "2545"]
[WhiteTeam "Racha-Lechkhumi - Ambrolauri"]
[BlackTeam "Adchara - Nona"]
[WhiteFideId "13611860"]
[BlackFideId "13601784"]
[EventDate "2016.09.22"]

1. e4 c6 2. Nc3 d5 3. Nf3 g6 4. h3 Bg7 5. d4 Nh6 6. Bd3 f6 7. O-O O-O 8. Re1 Nf7
9. Bf4 e5 10. dxe5 fxe5 11. Bg3 d4 12. Nb1 Be6 13. Qe2 Nd7 14. Bc4 Nc5 15. Nbd2
b5 16. Bxe6 Nxe6 17. a4 a6 18. b4 Qd7 19. Reb1 Rac8 20. axb5 cxb5 21. Rb2 Rc6
22. Rba2 Rfc8 23. Ne1 d3 24. cxd3 Nd4 25. Qg4 Qd8 26. Rxa6 h5 27. Bh4 Qe8 28.
Rxc6 hxg4 0-1

[Event "TCh-GEO Club 2016"]
[Site "Lagodekhi GEO"]
[Date "2016.09.27"]
[Round "6.4"]
[Board "4"]
[White "Melia, Salome"]
[Black "Gavasheli, Ana"]
[Result "1-0"]
[WhiteTitle "IM"]
[BlackTitle "WIM"]
[WhiteElo "2419"]
[BlackElo "2198"]
[WhiteTeam "Adchara - Nona"]
[BlackTeam "Racha-Lechkhumi - Ambrolauri"]
[WhiteFideId "13602446"]
[BlackFideId "13602586"]
[EventDate "2016.09.22"]

1. e4 c5 2. Nf3 e6 3. d4 cxd4 4. Nxd4 Nc6 5. Nc3 Qc7 6. Be3 a6 7. Qd2 Nf6 8. f4
Bb4 9. Bd3 d5 10. e5 Nd7 11. a3 Ba5 12. O-O Nxd4 13. Bxd4 b5 14. Rae1 Bb6 15.
Ne2 Nc5 16. Kh1 Nxd3 17. cxd3 Qb7 18. Qe3 Rb8 19. Rc1 Bd7 20. f5 exf5 21. e6
fxe6 22. Qe5 Rf8 23. Qxg7 Rf7 24. Qg8+ Ke7 25. Qg5+ Ke8 26. Be5 Bc8 27. Bxb8
Qxb8 28. Qg8+ Rf8 29. Qxh7 Qb7 30. Qg6+ Kd8 31. Nf4 Qf7 32. Qxf7 Rxf7 33. Rc6
Ba5 34. b4 Bb7 35. Rd6+ 1-0

[Event "TCh-GEO Club 2016"]
[Site "Lagodekhi GEO"]
[Date "2016.09.27"]
[Round "6.4"]
[Board "5"]
[White "Metreveli, Lekso"]
[Black "Harutyunian, Tigran K."]
[Result "0-1"]
[BlackTitle "IM"]
[WhiteElo "1655"]
[BlackElo "2480"]
[WhiteTeam "Racha-Lechkhumi - Ambrolauri"]
[BlackTeam "Adchara - Nona"]
[WhiteFideId "13618130"]
[BlackFideId "13303635"]
[EventDate "2016.09.22"]

1. d4 Nf6 2. Nf3 g6 3. Nc3 d5 4. Bf4 Bg7 5. e3 O-O 6. Be2 c5 7. dxc5 Qa5 8. Nd2
Qxc5 9. Nb3 Qb6 10. h4 h5 11. Qd2 Nc6 12. Nd4 e5 13. Nxc6 exf4 14. Ne7+ Kh7 15.
Nexd5 Nxd5 16. Nxd5 fxe3 17. fxe3 Qxb2 18. O-O Be6 19. Rab1 Qxa2 20. Nf4 b6 21.
Nxe6 Qxe6 22. Rf3 a5 23. Rbf1 a4 24. Bd3 a3 25. c3 a2 26. Ra1 Qb3 0-1

[Event "TCh-GEO Club 2016"]
[Site "Lagodekhi GEO"]
[Date "2016.09.27"]
[Round "6.4"]
[Board "6"]
[White "Saduakassova, Dinara"]
[Black "Sidamonidze, Anastasia"]
[Result "1-0"]
[WhiteTitle "WGM"]
[WhiteElo "2423"]
[BlackElo "1652"]
[WhiteTeam "Adchara - Nona"]
[BlackTeam "Racha-Lechkhumi - Ambrolauri"]
[WhiteFideId "13700090"]
[BlackFideId "13611194"]
[EventDate "2016.09.22"]

1. d4 Nf6 2. c4 g6 3. g3 c6 4. Bg2 d5 5. Qa4 dxc4 6. Qxc4 Be6 7. Qd3 Bg7 8. Nc3
O-O 9. Nf3 Na6 10. O-O Nb4 11. Qd1 Nbd5 12. Ng5 Nxc3 13. bxc3 Bc4 14. Qc2 h6 15.
Nf3 Nd7 16. Rb1 Ba6 17. Rd1 e6 18. Ba3 Re8 19. e4 Nb6 20. h4 h5 21. Ng5 Qc7 22.
e5 Bc4 23. Bf3 Bb5 24. Re1 Nc4 25. Bc1 Qe7 26. Ne4 Na3 27. Bxa3 Qxa3 28. Nd6 Re7
29. Nxb5 cxb5 30. Rxb5 Rc7 31. Rb3 Qe7 32. Reb1 Rb8 33. a4 Bh6 34. Kg2 Qd7 35.
a5 Qa4 36. Qb2 b6 37. axb6 Rxb6 38. Rxb6 axb6 39. d5 exd5 40. Bxd5 Qd7 41. c4
Qe7 42. Qxb6 Bf8 43. Qxg6+ 1-0

[Event "TCh-GEO Club 2016"]
[Site "Lagodekhi GEO"]
[Date "2016.09.28"]
[Round "7.1"]
[Board "1"]
[White "Jojua, Davit"]
[Black "Pantsulaia, Levan"]
[Result "1/2-1/2"]
[WhiteTitle "GM"]
[BlackTitle "GM"]
[WhiteElo "2590"]
[BlackElo "2601"]
[WhiteTeam "Adchara - Nona"]
[BlackTeam "Tbilisi"]
[WhiteFideId "13602543"]
[BlackFideId "13602071"]
[EventDate "2016.09.22"]

1. d4 Nf6 2. c4 c5 3. d5 e6 4. Nc3 exd5 5. cxd5 d6 6. e4 g6 7. h3 Bg7 8. Nf3 O-O
9. Bd3 Nbd7 10. O-O a6 11. a4 Re8 12. Re1 Nh5 13. Bg5 Bf6 14. Be3 Bg7 15. Bg5
Bf6 16. Be3 Bg7 17. Bg5 Bf6 1/2-1/2

[Event "TCh-GEO Club 2016"]
[Site "Lagodekhi GEO"]
[Date "2016.09.28"]
[Round "7.2"]
[Board "1"]
[White "Mchedlishvili, Mikheil"]
[Black "Volkov, Nika"]
[Result "1-0"]
[WhiteTitle "GM"]
[WhiteElo "2609"]
[BlackElo "2102"]
[WhiteTeam "Kakheti"]
[BlackTeam "Racha-Lechkhumi - Ambrolauri"]
[WhiteFideId "13600966"]
[BlackFideId "13604376"]
[EventDate "2016.09.22"]

1. e4 a6 2. d4 b5 3. Nf3 Bb7 4. Bd3 d6 5. O-O c5 6. c3 h6 7. a4 c4 8. Bc2 g5 9.
d5 e5 10. axb5 axb5 11. Rxa8 Bxa8 12. Na3 f5 13. Nxb5 Nf6 14. Nd2 Kf7 15. Nxc4
fxe4 16. Ne3 Qb6 17. c4 Na6 18. Ng4 Bxd5 19. Be3 Qb8 20. cxd5 Qxb5 21. Nxf6 Kxf6
22. Bxe4 Bg7 23. Qg4 Nc7 24. Rc1 Qa5 25. b4 1-0

[Event "TCh-GEO Club 2016"]
[Site "Lagodekhi GEO"]
[Date "2016.09.28"]
[Round "7.2"]
[Board "2"]
[White "Petriashvili, Nikoloz"]
[Black "Gagunashvili, Merab"]
[Result "1/2-1/2"]
[BlackTitle "GM"]
[WhiteElo "2167"]
[BlackElo "2586"]
[WhiteTeam "Racha-Lechkhumi - Ambrolauri"]
[BlackTeam "Kakheti"]
[WhiteFideId "13611216"]
[BlackFideId "13601652"]
[EventDate "2016.09.22"]

1. c4 g6 2. Nc3 Bg7 3. g3 e6 4. Bg2 Ne7 5. Nf3 d5 6. d4 O-O 7. O-O Nbc6 8. e3
dxc4 9. Qa4 e5 10. dxe5 Be6 11. Ng5 Bd7 12. e6 fxe6 13. Qxc4 Qc8 14. Rd1 Kh8 15.
f4 h6 16. Rxd7 Qxd7 17. Nxe6 Rg8 18. Nxg7 Rxg7 19. b4 Nf5 20. Nd5 Nce7 21. Bb2
Nxd5 22. Qxd5 Qxd5 23. Bxd5 Nxe3 24. Bxb7 Rb8 25. Bf3 Rxb4 26. Bxg7+ Kxg7 27.
Re1 Nf5 28. Rc1 c5 29. Rxc5 Rb1+ 30. Kg2 Rb2+ 31. Kh3 Rxa2 32. Rc7+ Kf8 33. Bd5
Ra5 34. Bc4 Ne3 35. Be2 Nf5 36. Bd3 Ne7 37. Rb7 Ra2 38. Kg4 Rxh2 1/2-1/2

[Event "TCh-GEO Club 2016"]
[Site "Lagodekhi GEO"]
[Date "2016.09.28"]
[Round "7.2"]
[Board "3"]
[White "Javakhishvili, Lela"]
[Black "Kacharava, Nikolozi"]
[Result "1-0"]
[WhiteTitle "IM"]
[BlackTitle "FM"]
[WhiteElo "2486"]
[BlackElo "2085"]
[WhiteTeam "Kakheti"]
[BlackTeam "Racha-Lechkhumi - Ambrolauri"]
[WhiteFideId "13601458"]
[BlackFideId "13611860"]
[EventDate "2016.09.22"]

1. d4 Nf6 2. c4 e6 3. Nf3 c5 4. d5 exd5 5. cxd5 d6 6. Nc3 g6 7. h3 a6 8. a4 Bg7
9. e4 O-O 10. Bd3 Nbd7 11. O-O Re8 12. Bf4 Qc7 13. Rc1 Nh5 14. Be3 Ne5 15. Be2
Nxf3+ 16. Bxf3 Nf6 17. b4 c4 18. a5 Bd7 19. Bb6 Qb8 20. Re1 Bb5 21. Bd4 Nd7 22.
Bxg7 Kxg7 23. Qd4+ Kg8 24. Be2 Qa7 25. Red1 Qxd4 26. Rxd4 Rac8 27. Bg4 Rc7 28.
f4 h5 29. Bxd7 Rxd7 30. Kf2 b6 31. Rd2 Rb7 32. Ke3 f6 33. Kd4 Bd7 34. Re1 bxa5
35. bxa5 Rb3 36. Rde2 Ra3 37. e5 fxe5+ 38. fxe5 dxe5+ 39. Rxe5 Rxe5 40. Rxe5
Rxa5 41. Re7 Bf5 42. Re1 Ra3 43. Kxc4 a5 44. d6 a4 45. Nd5 Ra2 46. g4 hxg4 47.
hxg4 Rc2+ 48. Kd4 Bc8 49. Re8+ Kf7 50. Re7+ Kf8 51. d7 Bxd7 52. Rxd7 Rg2 53. Nf6
Rf2 54. Ke5 a3 55. Ra7 a2 56. Ne4 Rb2 57. Kf4 Rc2 58. Kg5 Ke8 59. Kxg6 Kd8 60.
g5 Kc8 61. Ra3 Kb7 62. Nc3 Rxc3 63. Rxa2 Kc6 64. Rd2 Rg3 65. Kf6 Rf3+ 66. Kg7
Kc7 67. g6 Rf1 68. Kg8 Kc6 69. g7 Rh1 70. Rf2 Kd5 1-0

[Event "TCh-GEO Club 2016"]
[Site "Lagodekhi GEO"]
[Date "2016.09.28"]
[Round "7.2"]
[Board "4"]
[White "Gavasheli, Ana"]
[Black "Khotenashvili, Bela"]
[Result "1-0"]
[WhiteTitle "WIM"]
[BlackTitle "GM"]
[WhiteElo "2198"]
[BlackElo "2463"]
[WhiteTeam "Racha-Lechkhumi - Ambrolauri"]
[BlackTeam "Kakheti"]
[WhiteFideId "13602586"]
[BlackFideId "13602640"]
[EventDate "2016.09.22"]

1. c4 c5 2. Nf3 g6 3. g3 Bg7 4. Bg2 Nc6 5. O-O e6 6. e3 Nge7 7. Nc3 Nf5 8. Ne2
O-O 9. d4 b6 10. d5 Na5 11. Nd2 Rb8 12. Rb1 exd5 13. cxd5 Ba6 14. Re1 Bd3 15.
Ra1 Re8 16. Nb3 Nxb3 17. axb3 Bxe2 18. Rxe2 a5 19. Rc2 h5 20. h4 Qe7 21. Bd2 Nd6
22. Bc3 Bxc3 23. bxc3 c4 24. Rd2 Rec8 25. Rd4 cxb3 26. Qxb3 Nf5 27. Rd3 Nd6 28.
Rd4 Rc5 29. c4 Qf6 30. Ra2 Qd8 31. Bf1 Nf5 32. Rf4 Qe7 33. Qb1 Nd6 34. Bd3 Kh7
35. Rb2 Nc8 36. g4 Qxh4 37. gxh5 Qg5+ 38. Kf1 Kg7 39. hxg6 f6 40. f3 Qh5 41. Kg1
Qe5 42. Re4 Qg3+ 43. Rg2 Qxf3 44. Qe1 Nd6 45. Re7+ Kf8 46. Rh7 Rcc8 47. Rg3 1-0

[Event "TCh-GEO Club 2016"]
[Site "Lagodekhi GEO"]
[Date "2016.09.28"]
[Round "7.2"]
[Board "5"]
[White "Beradze, Irakli"]
[Black "Metreveli, Lekso"]
[Result "1-0"]
[WhiteElo "2437"]
[BlackElo "1655"]
[WhiteTeam "Kakheti"]
[BlackTeam "Racha-Lechkhumi - Ambrolauri"]
[WhiteFideId "13604597"]
[BlackFideId "13618130"]
[EventDate "2016.09.22"]

1. Nf3 c5 2. e4 Nc6 3. Bb5 g6 4. Bxc6 bxc6 5. O-O Bg7 6. Re1 Nf6 7. e5 Nd5 8. d3
O-O 9. Nbd2 Bb7 10. Ne4 d6 11. exd6 exd6 12. Bg5 Qc7 13. c4 Nb6 14. Nf6+ Kh8 15.
Re4 Nd7 16. Re7 Rad8 17. Qd2 Qc8 18. Qf4 Nxf6 19. Bxf6 Rd7 20. Rae1 1-0